000 00608nam a2200229Ia 4500
003 OSt
005 20221007071218.0
006 a|||||r|||| 00| 0
007 ta
008 221006b |||||||| |||| 00| 0 eng d
024 _a11,686
037 _cTextual
040 _aFLL
_cFLL
_beng
041 _2eng
_aeng
082 _aZ1,215, P3
100 _aConnell M.E.O. Ed.
_9688345
245 0 _aInternational dispute settlement
260 _aLondon
_bASHGATE London
_c2003
300 _axxx,521p
_ccm.
942 _hZ1,215, P3
_cTEXL
_2CC
999 _c1142783
_d1142783